| 000 | 00452cam a22001457a 4500 | ||
|---|---|---|---|
| 008 | 180718b1972 xxu||||| |||| 00| 0 eng d | ||
| 082 | _aOA 252 x42 Un3 | ||
| 100 | _aBone,Margaret | ||
| 245 |
_aThe Youth service and similar provision for young people _cBy Margaret Bone amd Elizabeth Ross |
||
| 260 |
_aLondon _bHMSO _c1972 |
||
| 300 | _a292p. | ||
| 650 | _aYouth -- Societies and clubs | ||
| 650 | _aYouth -- Great Britain | ||
| 700 | _aRoss,Elizabeth | ||
| 999 |
_c413678 _d413678 |
||